| 000 | 00886nam a2200229Ia 4500 | ||
|---|---|---|---|
| 001 | 15656 | ||
| 003 | GE_BSU | ||
| 008 | 181216s||||||||xx |||||||||||||| ||und|| | ||
| 040 | _cGE_BSU | ||
| 080 | _a82-93 | ||
| 100 | _aმეგრელი, დუტუ. ცახელი,პარმენ | ||
| 245 | _aრჩეული თხზულებანი. | ||
| 245 | _bლექსები, პოემები, მოთხრობები | ||
| 245 | _cრედ.მ.ზუბადალაშვილი. მხატვ.ი.დივნოგორცევა | ||
| 260 | _aთბილისი | ||
| 260 | _bნაკადული | ||
| 260 | _c1981 | ||
| 300 | _a170გვ. ; 20სმ | ||
| 653 | _aლექსები, პოემები, მოთხრობები | ||
| 653 | _aრჩეული თხზულებანი. | ||
| 942 | _cBK | ||
| 999 |
_c48755 _d48755 |
||